000 00295nam a22001217a 4500
041 _aENG
100 _aJohe .Deere
245 _aConservation Tillage Systems & Managernt Crop Residues CD Rom
260 _alowa
_bMidwest plan Service
_c2009
300 _aI CD
650 _aIDE
856 _uCD
999 _c2653
_d2653